Classements des ERP en France - Statistiques

Statistiques générales
  • Ce quiz a été pris 52 fois
  • Le résultat moyen est 6 sur 22
Statistiques - réponses
Hint Réponse % Correct
Refuges de montagne REF
47%
Structures gonflables SG
47%
Chapiteaux, tentes et structures itinérants CTS
40%
Établissements flottants, Bateaux stationnaires, Bateaux en stationnement sur les eaux intérieures EF
40%
Gares accessibles au public GA
40%
Magasins de vente, centres commerciaux M
40%
Établissements de soins U
33%
Administrations, banques, bureaux W
33%
Salles de danse et salles de jeux P
27%
Établissements de plein air PA
27%
Musées Y
27%
Structures d'accueil pour personnes âgées et personnes handicapées J
20%
Salles d'auditions, de conférences, de réunions, de spectacles ou polyvalentes L
20%
Hôtels et autres établissements d'hébergement O
20%
Établissements sportifs couverts X
20%
Restaurants et débits de boissons N
13%
Parcs de stationnement couverts PS
13%
Établissements d'éveil, d'enseignement, de formation, centres de vacances, centres de loisirs sans hebergement R
13%
Bibliothèques, centres de documentation et de consultation d'archives S
13%
Salles d'expositions T
13%
Hôtels-Restaurants d'altitude OA
7%
Établissements de culte V
7%
Aucun quiz correspondant
Distribution des résultats
% des personnes avec chaque résultat
Percentile par nombre de réponses
Votre historique - résultats
Vous n’avez pas pris ce quiz